000 00282nam a2200097Ia 4500
008 240331s9999 xx 000 0 und d
082 _bPRA
100 _aPratap, A
245 0 _aIsland of blood :
_brontline reports from Sri Lanka Afghanistan and other South Asian flashpoint
942 _cL
999 _c1384
_d1384